Accessible housing (Record no. 104191)

MARC details
000 -LEADER
fixed length control field 02035cam a2200253 4500
001 - CONTROL NUMBER
control field L129436
008 - FIXED-LENGTH DATA ELEMENTS--GENERAL INFORMATION
fixed length control field 080702s2006 xxko f s 001 0 eng u
020 ## - INTERNATIONAL STANDARD BOOK NUMBER
International Standard Book Number 0415318920
035 ## - SYSTEM CONTROL NUMBER
System control number (Sirsi) u129436
050 04 - LIBRARY OF CONGRESS CALL NUMBER
Classification number 725.54 $2 18
100 ## - MAIN ENTRY--PERSONAL NAME
Personal name Imrie, Rob
245 ## - TITLE STATEMENT
Title Accessible housing
Remainder of title quality, disability and design
260 ## - PUBLICATION, DISTRIBUTION, ETC.
Place of publication, distribution, etc. Oxon
Name of publisher, distributor, etc. Routledge
Date of publication, distribution, etc. 2006
300 ## - PHYSICAL DESCRIPTION
Extent 250p.
Dimensions 25cm.
505 2# - FORMATTED CONTENTS NOTE
Formatted contents note Part 1: concepts and contexts - Accessible housing, quality and design -- Disability, design and the speculative house-building industry -- Housing quality, standards and the domestic environment
505 2# - FORMATTED CONTENTS NOTE
Formatted contents note Part 2: securing accessible homes - Ideal homes: disabled people's experiences of domestic design. case study: domestic lives - Jenny, Elaine and Toni -- House builders, disability and the design of dwellings. case study: constructing accessible dwellings on sloping sites. The regulation of the house-building industry. Case study: securing accessible housing in two English towns -- Experiential knowledge as a component of housing quality. Case study: cultivating influence through disabled people's organisations.
505 2# - FORMATTED CONTENTS NOTE
Formatted contents note Part 3: promoting accessible housing -- Inclusive domestic environments.
520 ## - SUMMARY, ETC.
Summary, etc. Considers role and significance of house builders in influencing design and construction of accessible housing that meets the needs of people with diabilities. The primary focus of the item is speculative house building process and the construction of private (for sale) dwellings. Describes and evaluates the socio-institutional political and technical relations that underpin the design of housing. Features an exploration of people with disabilities' experiences of inaccessible dwelling spaces and the role of law and regulation relating to the provision of accessible housing.
521 ## - TARGET AUDIENCE NOTE
Target audience note Advanced
651 #4 - SUBJECT ADDED ENTRY--GEOGRAPHIC NAME
Geographic name England and Wales
Chronological subdivision 1543-
651 #4 - SUBJECT ADDED ENTRY--GEOGRAPHIC NAME
Geographic name United States
Chronological subdivision 1959-
690 ## - LOCAL SUBJECT ADDED ENTRY--TOPICAL TERM (OCLC, RLIN)
Topical term or geographic name as entry element MANAGEMENT-BUSINESS MANAGEMENT-DISCRIMINATION-DISABILITY DISCRIMINATION-ACCESSIBILITY
942 ## - ADDED ENTRY ELEMENTS (KOHA)
Suppress in OPAC 0
Holdings
Withdrawn status Lost status Source of classification or shelving scheme Damaged status Not for loan Home library Current library Shelving location Date acquired Total Checkouts Full call number Barcode Date last seen Date last checked out Copy number Price effective from Koha item type
    Dewey Decimal Classification     London London Books 03/06/2008 2 725.54 IMR 30074423 06/08/2019 05/01/2010 1 06/08/2019 Book